Lingüística general : (Record no. 35454)

MARC details
000 -CABECERA
campo de control de longitud fija 00586nam a2200193 a 4500
005 - FECHA Y HORA DE LA ÚLTIMA TRANSACCIÓN
campo de control 20240924070402.0
008 - ELEMENTOS DE LONGITUD FIJA--INFORMACIÓN GENERAL
campo de control de longitud fija 991125m19711976es 000 0 spa u
020 ## - NÚMERO INTERNACIONAL NORMALIZADO PARA LIBROS
Número Internacional Estándar del Libro 8424911814
035 ## - NÚMERO DE CONTROL DEL SISTEMA
Número de control de sistema UPN01000035454
049 ## - COLECCIÓN
Colección CG
050 #4 - SIGNATURA TOPOGRÁFICA DE LA BIBLIOTECA DEL CONGRESO
Número de clasificación P121
Número de documento/Ítem R6.48
100 1# - ASIENTO PRINCIPAL--NOMBRE PERSONAL
Nombre de persona Robins, Robert Henry
245 10 - MENCIÓN DE TÍTULO
Título Lingüística general :
Resto del título estudio introductorio /
Mención de responsabilidad, etc. R. H. Robins ; tr. de Pilar Gómez Bedate.
260 ## - PUBLICACIÓN, DISTRIBUCIÓN, ETC.
Lugar de publicación, distribución, etc. Madrid :
Nombre del editor, distribuidor, etc. Gredos,
Fecha de publicación, distribución, etc. 1971 (1976 impr.).
300 ## - DESCRIPCIÓN FÍSICA
Extensión 488 p.
440 #0 - MENCIÓN DE SERIE/ASIENTO SECUNDARIO--TÍTULO
Título Biblioteca románica hispánica.
Nombre de parte o sección de la obra Manuales ;
Designación de volumen o secuencia 28
650 #4 - ASIENTO SECUNDARIO DE MATERIA - TERMINO TEMATICO
Término de materia o nombre geográfico como elemento de entrada Filología
9 (RLIN) 15443
905 ## - TIPO DE MATERIAL
Tipo de material Libro
Holdings
Estado de retiro Estado de pérdida Fuente del sistema de clasificación o colocación Estado dañado No para préstamo Código de colección Localización permanente Ubicación/localización actual Ubicación en estantería Total de préstamos Clasificación Código de barras Fecha visto por última vez Número de copia Tipo de ítem Koha Fecha de adquisición Renovaciones totales Fecha del último préstamo
    Library of Congress Classification     Colección General Bib. Gregorio Torres Quintero Bib. Gregorio Torres Quintero Planta baja 13 P121 R6.48 88335 31/12/2020 1 Libro      
    Library of Congress Classification     Colección General Bib. Gregorio Torres Quintero Bib. Gregorio Torres Quintero Planta baja 11 P121 R6.48 2422 31/12/2020 1 Libro      
    Library of Congress Classification   En restauración Colección General Bib. Gregorio Torres Quintero Bib. Gregorio Torres Quintero Planta baja 5 P121 R6.48 88336 31/12/2020 1 Libro 11/08/2023    
    Library of Congress Classification     Colección General Bib. Gregorio Torres Quintero Bib. Gregorio Torres Quintero Planta baja 9 P121 R6.48 88337 22/02/2023 1 Libro 01/02/2023 2 22/02/2023